Catalog

Record Details

Catalog Search



Natural English : upper-intermediate student's book  Cover Image Book Book

Natural English : upper-intermediate student's book / Ruth Gairns, Stuart Redman

Record details

  • ISBN: 978-0-19-437331-2
  • Physical Description: 175 s. : il. + 1 brožura (47 s.) ; 28 cm
  • Edition: 1st pub
  • Publisher: Oxford : Oxford University Press, 2003

Available copies

  • 1 of 1 copy available at Common Catalog SPOK.

Holds

  • 0 current holds with 1 total copy.
Show All Copies
Location Call Number / Copy Notes Barcode Shelving Location Status Due Date
Department of Languages AU 424480023472 Příruční knihovna (KJZ) - ptejte se knihovníka Available -

LDR 01004nam a2200301 a 4500
0017558
003CZ-PrJAB
00520190701140810.0
008031118s2003 xxu e ||| | eng
020 . ‡a978-0-19-437331-2
035 . ‡a(CZ PrSKC)000084966
040 . ‡aPND003 ‡bcze
080 . ‡a811.111 ‡2MRF-sel
1001 . ‡aGairns, Ruth, ‡d1949- ‡7xx0002317 ‡4aut
24510. ‡aNatural English : ‡bupper-intermediate student's book / ‡cRuth Gairns, Stuart Redman
250 . ‡a1st pub
260 . ‡aOxford : ‡bOxford University Press, ‡c2003
300 . ‡a175 s. : ‡bil. + ‡e1 brožura (47 s.) ; ‡c28 cm
6530 . ‡aangličtina ‡aučebnice
7001 . ‡aRedman, Stuart, ‡d1950- ‡7xx0002316 ‡4aut
910 . ‡aABG312
901 . ‡a7558 ‡bUnknown ‡c7558 ‡tbiblio

Additional Resources